[Event "AUTO-MASTER-1572"]
[Site "http://www.queenalice.com/game.php?id=1022785"]
[Date "2012.1.31"]
[Round "1"]
[White "PallBrandt"]
[Black "paulofreitas"]
[Result "0-1"]
[WhiteElo "1972"]
[BlackElo "2064"]

1. d4 e6 2. c4 Bb4+ 3. Bd2 c5 4. Bxb4 cxb4 5. Nf3 Nc6 6. e4 Nf6 7. Bd3 Nh5 8.
O-O h6 9. d5 Ne7 10. Nbd2 Nf4 11. Bc2 d6 12. Nb3 e5 13. Nc1 O-O 14. Ne2 Qc7 15.
b3 Nxe2+ 16. Qxe2 Bg4 17. h3 Bxf3 18. Qxf3 f6 19. Qg4 Qc8 20. Qf3 b5 21. Rac1
bxc4 22. bxc4 Kh7 23. Rb1 Qxc4 24. Bb3 Qd4 25. Rfd1 Qb6 26. Rbc1 g6 27. Rc2 f5
28. Qe2 fxe4 29. Qxe4 Rac8 30. Rcd2 Rf4 31. Qb1 Kg7 32. Rc1 Rff8 33. Rdc2 Rxc2
34. Rxc2 a5 35. Qd1 Qa7 36. Qe1 g5 37. Re2 Rc8 38. Kh1 a4 39. Bd1 Qa6 40. Qxb4
Nxd5 41. Qxa4 Qxa4 42. Bxa4 Rc1+ 43. Kh2 Nc3 44. Rc2 Rxc2 45. Bxc2 Nxa2 46. Kg3
Nc3 47. Kf3 Kf6 48. Bd3 d5 49. Bc2 Nb5 50. Ke3 Nd4 51. Bb1 Ne6 52. g3 Nc5 53.
Bc2 d4+ 54. Kd2 Ke6 55. f3 h5 56. Bh7 Kf6 57. Bc2 h4 58. g4 Ne6 59. Bd3 Nf4 60.
Bf1 e4 61. fxe4 Ke5 0-1

[Event "AUTO-MASTER-1572"]
[Site "http://www.queenalice.com/game.php?id=1022786"]
[Date "2012.1.31"]
[Round "1"]
[White "paulofreitas"]
[Black "PallBrandt"]
[Result "1-0"]
[WhiteElo "2043"]
[BlackElo "1975"]

1. e4 c5 2. Nf3 d6 3. d4 cxd4 4. Nxd4 Nf6 5. Nc3 Nc6 6. Bg5 g6 7. Bb5 Bd7 8.
Bxf6 exf6 9. O-O Be7 10. Nd5 O-O 11. c3 Nxd4 12. Bxd7 Ne6 13. Ba4 Nc5 14. Bc2
Re8 15. Qf3 Nd7 16. Ba4 Kg7 17. Qh3 Rc8 18. Bxd7 1-0

[Event "AUTO-MASTER-1572"]
[Site "http://www.queenalice.com/game.php?id=1022797"]
[Date "2012.1.31"]
[Round "1"]
[White "Pato"]
[Black "paulofreitas"]
[Result "1-0"]
[WhiteElo "2192"]
[BlackElo "2053"]

1. e4 e5 2. d4 exd4 3. c3 dxc3 4. Bc4 c2 5. Qxc2 b5 6. Bxb5 Nf6 7. Nf3 c6 8. Bc4
Ng4 9. O-O Be7 10. Nc3 g6 11. h3 Nf6 12. Bh6 d5 13. exd5 Ng8 14. Bg7 h5 15. Bxh8
Nf6 16. Rfe1 Qd6 17. dxc6 Kf8 18. Rxe7 Qxe7 19. Re1 Qd8 20. Rd1 Qe7 21. Nd5 Nxd5
22. Bxd5 Na6 23. Qc3 Qe2 24. Qg7+ Ke7 25. Qf6+ Ke8 26. Bxf7+ Kf8 27. Rd8+ Qe8
28. Rxe8# 1-0

[Event "AUTO-MASTER-1572"]
[Site "http://www.queenalice.com/game.php?id=1022798"]
[Date "2012.1.31"]
[Round "1"]
[White "paulofreitas"]
[Black "Pato"]
[Result "1-0"]
[WhiteElo "2056"]
[BlackElo "2181"]

1. e4 Nc6 2. d4 e5 3. d5 Nce7 4. Bg5 f6 5. Bd2 Ng6 6. Nf3 Bc5 7. h4 h5 8. Na3
Bxa3 9. bxa3 d6 10. Bb5+ Bd7 11. Qb1 N8e7 12. Bxd7+ Qxd7 13. Qxb7 O-O 14. O-O
Rab8 15. Qxa7 Rb2 16. Rfb1 Rxc2 17. Kh1 Qg4 18. Qe3 Nf4 19. Rg1 Neg6 20. Nh2 Qe2
21. Rgd1 Rb8 22. g3 Rbb2 23. gxf4 Rxd2 24. Rxd2 Rxd2 25. fxe5 Nxe5 26. Nf1 Qxf2
27. Qxd2 Qxh4+ 28. Qh2 Qxe4+ 29. Qg2 Qh4+ 30. Qh2 Qe4+ 31. Qg2 Qh4+ 32. Nh2 Ng4
33. Kg1 Nxh2 34. Rb1 Ng4 35. Rb8+ Kf7 36. Rb1 Qg5 37. Re1 Qf4 38. Kh1 Qc4 39.
Qf3 Qc5 40. Qf5 g5 41. Qh7+ 1-0

[Event "AUTO-MASTER-1572"]
[Site "http://www.queenalice.com/game.php?id=1022803"]
[Date "2012.1.31"]
[Round "1"]
[White "arthurgomes"]
[Black "paulofreitas"]
[Result "1-0"]
[WhiteElo "1910"]
[BlackElo "2087"]

1. e4 e5 2. Qh5 Bd6 3. Bc4 g6 4. Qf3 Nh6 5. d3 Bf8 6. Bxh6 f6 7. Bxf8 Rxf8 8.
Nc3 Nc6 9. Nge2 d6 10. a3 Bd7 11. b4 a5 12. b5 Nd4 13. Nxd4 exd4 14. Nd5 c6 15.
bxc6 bxc6 16. Nf4 Qe7 17. O-O Rb8 18. h4 Qe5 19. Rab1 d5 20. exd5 Rxb1 21. Rxb1
g5 22. Qh5+ Kd8 23. Ne6+ Bxe6 24. dxe6 g4 25. Qxh7 Qc7 26. Qg6 c5 27. Re1 Qe7
28. Rb1 Qa7 29. Qxg4 Qc7 30. Re1 Re8 31. Qf5 Ke7 32. Bb5 Rh8 33. Qg6 Rc8 34.
Qf7+ Kd6 35. Bd7 Ra8 36. Qxf6 Qa7 37. h5 a4 38. h6 Qa5 39. Qe5+ Ke7 40. h7 Qd8
41. Qxc5+ Kf6 42. Qxd4+ Kg6 43. e7 Qa5 44. Re6+ Kxh7 45. Qe4+ Kg8 46. Qg6+ Kh8
47. Qh6+ Kg8 48. Rg6+ Kf7 49. Qg7# 1-0

[Event "AUTO-MASTER-1572"]
[Site "http://www.queenalice.com/game.php?id=1022804"]
[Date "2012.1.31"]
[Round "1"]
[White "paulofreitas"]
[Black "arthurgomes"]
[Result "1-0"]
[WhiteElo "2077"]
[BlackElo "1920"]

1. e4 e5 2. Nf3 Nc6 3. Nc3 Nf6 4. Bb5 Bd6 5. d3 a6 6. Ba4 b5 7. Bb3 Na5 8. a3
Nxb3 9. cxb3 c6 10. Be3 Ng4 11. b4 Nxe3 12. fxe3 a5 13. bxa5 Rxa5 14. b4 Ra8 15.
Qb3 O-O 16. O-O-O Bc7 17. Kb2 d6 18. Qc2 Bg4 19. Qe2 h6 20. h3 Bh5 21. Ra1 f6
22. g4 Bf7 23. d4 Bc4 24. Qf2 Bb6 25. Nd2 Bf7 26. Kc2 d5 27. exd5 cxd5 28. Kb2
exd4 29. exd4 Qd7 30. Nb3 Qc6 31. Rac1 Qd7 32. Rce1 Bg6 33. Nc5 Rfe8 34. Nxd7
Rxe1 35. Rxe1 Bc7 36. Qf3 Bf7 37. Nxd5 Rd8 38. N7xf6+ gxf6 39. Nxc7 Rxd4 40.
Qa8+ Kg7 41. Ne6+ Bxe6 42. Rxe6 Rc4 43. Qe8 Rc7 44. Qxb5 1-0

[Event "AUTO-MASTER-1688"]
[Site "http://www.queenalice.com/game.php?id=1079571"]
[Date "2012.7.5"]
[Round "1"]
[White "paulofreitas"]
[Black "rotwein"]
[Result "0-1"]
[WhiteElo "2075"]
[BlackElo "2142"]

1. Nf3 Nf6 2. e3 e6 3. b3 b6 4. Ba3 Bxa3 5. Nxa3 Bb7 6. c3 Qe7 7. b4 a5 8. Nc2
axb4 9. cxb4 O-O 10. d4 d6 11. a4 Nbd7 12. Bb5 Ne4 13. Qd3 f5 14. Qa3 Ndf6 15.
O-O g5 16. h3 h5 17. Rfe1 g4 18. Nh4 Qg7 19. hxg4 hxg4 20. Bc4 Nd5 21. f3 gxf3
22. Nxf3 Qg3 23. Rf1 Rf6 24. Qc1 Rg6 25. Nfe1 Ng5 26. Ra3 Nh3+ 27. Kh1 Rh6 0-1

[Event "AUTO-MASTER-1688"]
[Site "http://www.queenalice.com/game.php?id=1079572"]
[Date "2012.7.5"]
[Round "1"]
[White "rotwein"]
[Black "paulofreitas"]
[Result "1-0"]
[WhiteElo "2159"]
[BlackElo "2062"]

1. d4 e6 2. c4 Bb4+ 3. Bd2 c5 4. Bxb4 cxb4 5. Nf3 Nc6 6. e4 Nf6 7. Bd3 d6 8. O-O
Bd7 9. Nbd2 O-O 10. d5 Ne5 11. Nxe5 dxe5 12. Qe2 Qe7 13. Nf3 exd5 14. cxd5 Rac8
15. Rac1 Kh8 16. Nd2 Rxc1 17. Rxc1 Rc8 18. Rxc8+ Bxc8 19. Nb3 h6 20. Qc2 Qd8 21.
Qc5 a6 22. Qxb4 Nh5 23. g3 Nf6 24. Qc3 Nh7 25. Qxe5 Bg4 26. Qf4 Qc8 27. h4 Kg8
28. Qc1 Qxc1+ 29. Nxc1 g5 30. f4 a5 31. Kf2 b6 32. Ke3 gxh4 33. gxh4 Nf6 34. Kd4
Kf8 35. e5 Nd7 36. Nb3 a4 37. Nd2 Nc5 38. Ne4 Nb7 39. Bb5 Bd1 40. Nc3 Bc2 41.
Bxa4 Bxa4 42. Nxa4 b5 43. Nc3 b4 44. Ne4 Na5 45. Nd6 b3 46. a3 Ke7 47. Kc5 f6
48. Kb5 h5 49. Kxa5 fxe5 50. fxe5 Kd7 51. Kb4 Kd8 52. Kxb3 Kd7 53. a4 Kd8 54. a5
Kc7 55. Kc4 Kd7 56. b4 Kc7 57. Kc5 Kd8 58. a6 Kc7 59. a7 Kd7 60. a8=Q Kc7 61.
Qc8# 1-0

[Event "AUTO-MASTER-1688"]
[Site "http://www.queenalice.com/game.php?id=1079573"]
[Date "2012.7.5"]
[Round "1"]
[White "paulofreitas"]
[Black "luciopac"]
[Result "1-0"]
[WhiteElo "2066"]
[BlackElo "2200"]

1. Nf3 d5 2. g3 c5 3. Bg2 Nf6 4. d3 Nc6 5. Bg5 Qb6 6. Qc1 h6 7. Bd2 Bf5 8. Nc3
e6 9. Nh4 Bh7 10. e4 dxe4 11. Bxe4 Nxe4 12. Nxe4 O-O-O 13. Nf3 c4 14. Bc3 cxd3
15. Nfd2 dxc2 16. Qxc2 Qa6 17. Qb3 Kb8 18. O-O-O Rc8 19. Kb1 Na5 20. Qa4 Qc6 21.
Be5+ Bd6 22. Bxd6+ Qxd6 23. Qxa5 Qd3+ 24. Ka1 Bxe4 25. Qe5+ 1-0

[Event "AUTO-MASTER-1688"]
[Site "http://www.queenalice.com/game.php?id=1079574"]
[Date "2012.7.5"]
[Round "1"]
[White "luciopac"]
[Black "paulofreitas"]
[Result "1-0"]
[WhiteElo "2188"]
[BlackElo "2087"]

1. e4 e5 2. Nf3 Nc6 3. Bb5 a6 4. Ba4 Nf6 5. O-O Nxe4 6. Re1 f5 7. d3 b5 8. Bb3
Nxf2 9. Kxf2 Bb4 10. c3 Be7 11. Nxe5 Nxe5 12. Rxe5 d6 13. Re1 Kf8 14. Qh5 d5 15.
d4 a5 16. a4 bxa4 17. Bxa4 Rb8 18. Bg5 Rxb2+ 19. Kg1 h6 20. Rxe7 Qxe7 21. Bxe7+
Kxe7 22. Na3 Kf6 23. Be8 Be6 24. Qg6+ Ke7 25. Re1 Rb6 26. Qf7+ Kd8 27. Rxe6 Kc8
28. Rxb6 cxb6 29. Nb5 Kb8 30. Qc7+ Ka8 31. Bc6# 1-0

[Event "AUTO-MASTER-1688"]
[Site "http://www.queenalice.com/game.php?id=1079575"]
[Date "2012.7.5"]
[Round "1"]
[White "paulofreitas"]
[Black "Artking"]
[Result "1/2-1/2"]
[WhiteElo "2076"]
[BlackElo "1957"]

1. e4 c6 2. d4 d5 3. exd5 cxd5 4. c4 Nf6 5. Nc3 e6 6. cxd5 exd5 7. Bb5+ Bd7 8.
Qe2+ Be7 9. Bg5 O-O 10. O-O-O Nc6 11. Nf3 a6 12. Bxc6 bxc6 13. Ne5 h6 14. Bh4
Ne4 15. Nxd7 Qxd7 16. Bxe7 Nxc3 17. bxc3 Rfe8 18. Rhe1 Ra7 19. Qh5 Rxe7 20. Qh3
Qxh3 21. gxh3 Kf8 22. Kd2 Rab7 23. Rb1 Rxe1 24. Rxb7 Ra1 25. Rc7 Rxa2+ 26. Ke3
a5 27. Rxc6 a4 28. Rc8+ Ke7 29. Ra8 a3 30. Ra7+ Ke6 31. Ra6+ Ke7 32. Ra7+ Ke6
33. Ra6+ Ke7 1/2-1/2

[Event "AUTO-MASTER-1688"]
[Site "http://www.queenalice.com/game.php?id=1079576"]
[Date "2012.7.5"]
[Round "1"]
[White "Artking"]
[Black "paulofreitas"]
[Result "1/2-1/2"]
[WhiteElo "1935"]
[BlackElo "2071"]

1. d4 e6 2. c4 Bb4+ 3. Nc3 Nc6 4. e3 d6 5. Nf3 Bd7 6. Bd3 Qe7 7. O-O Bxc3 8.
bxc3 O-O-O 9. a4 e5 10. dxe5 Nxe5 11. Be2 Nf6 12. Nd4 c5 13. Nb5 Kb8 14. Qxd6+
Qxd6 15. Nxd6 Bg4 16. Bxg4 Nfxg4 17. f4 Rxd6 18. fxe5 Nxe5 19. e4 Rd3 20. Bf4 f6
21. Rfc1 Ka8 22. Bxe5 fxe5 23. Kf1 Re3 24. Re1 Rxc3 25. Rec1 Rd3 26. Rd1 Re3 27.
Re1 Rf8+ 28. Kg1 Rd3 29. Rf1 Rfd8 30. Rf7 R3d4 31. Rb1 b6 32. a5 bxa5 33. Rbb7
Rd1+ 34. Kf2 R1d2+ 35. Kg3 R8d3+ 36. Kh4 Rxg2 37. Rxa7+ 1/2-1/2

[Event "AUTO-MASTER-1784"]
[Site "http://www.queenalice.com/game.php?id=1131058"]
[Date "2012.12.14"]
[Round "1"]
[White "Artking"]
[Black "paulofreitas"]
[Result "1-0"]
[WhiteElo "1910"]
[BlackElo "2028"]

1. d4 d5 2. c4 Nf6 3. Nc3 Nc6 4. Nf3 e6 5. a3 g6 6. Bg5 Be7 7. e3 h6 8. Bf4 Ng4
9. h3 Nf6 10. Bd3 Bd6 11. Ne5 Bxe5 12. dxe5 Nh5 13. Bh2 d4 14. exd4 Qxd4 15. Nb5
Qxe5+ 16. Bxe5 Nxe5 17. Nxc7+ Kd7 18. Nxa8 Kd6 19. Bxg6+ Kc6 20. Be4+ Kc5 21.
b4+ Kxc4 22. Rc1+ Kb5 23. Rc5+ 1-0

[Event "AUTO-MASTER-1784"]
[Site "http://www.queenalice.com/game.php?id=1131059"]
[Date "2012.12.14"]
[Round "1"]
[White "paulofreitas"]
[Black "Artking"]
[Result "0-1"]
[WhiteElo "2050"]
[BlackElo "1888"]

1. e4 d6 2. Bb5+ c6 3. Ba4 Nf6 4. d3 g6 5. b3 Bg7 6. c4 O-O 7. Nf3 Nbd7 8. Nc3
Nb6 9. O-O Nxa4 10. Nxa4 Bg4 11. Bg5 Nd7 12. Rc1 Ne5 13. Qe2 Qd7 14. Qe3 Bxf3
15. gxf3 Qh3 16. Bf4 Nxf3+ 17. Qxf3 Qxf3 18. Bg3 b5 19. Nb2 Bxb2 20. Rc2 Bd4 21.
cxb5 cxb5 22. a4 Qxd3 23. Rfc1 Qxb3 0-1

[Event "AUTO-MASTER-1784"]
[Site "http://www.queenalice.com/game.php?id=1131072"]
[Date "2012.12.14"]
[Round "1"]
[White "rotwein"]
[Black "paulofreitas"]
[Result "1-0"]
[WhiteElo "2121"]
[BlackElo "1995"]

1. e4 e5 2. Nf3 Nc6 3. Bb5 Nf6 4. d3 a6 5. Bxc6 dxc6 6. Nxe5 Be6 7. O-O g6 8.
Nc3 Bd6 9. Nf3 Bg4 10. h3 Bxf3 11. Qxf3 Qe7 12. Bg5 Be5 13. d4 Bxd4 14. e5 Qxe5
15. Rae1 O-O-O 16. Rxe5 Bxe5 17. Bxf6 Bxf6 18. Qxf6 Rhf8 19. Re1 Rd2 20. Qe7
Rdd8 21. Rd1 Rde8 22. Qh4 h5 23. Na4 Rd8 24. Rxd8+ Rxd8 25. Nc5 Rd1+ 26. Kh2 Rd2
27. Qe7 b6 28. Nxa6 Kb7 29. Nxc7 Rxc2 30. a4 Rxb2 31. Nb5+ Kb8 32. Qc7+ Ka8 33.
Qa7# 1-0

[Event "AUTO-MASTER-1784"]
[Site "http://www.queenalice.com/game.php?id=1131073"]
[Date "2012.12.14"]
[Round "1"]
[White "paulofreitas"]
[Black "rotwein"]
[Result "0-1"]
[WhiteElo "1971"]
[BlackElo "1985"]

1. e4 e5 2. Nf3 Nc6 3. Bb5 a6 4. Bc4 Bc5 5. O-O Nf6 6. Ng5 O-O 7. d3 h6 8. Nf3
d6 9. b3 b5 10. Bd5 Nxd5 11. exd5 Ne7 12. Bb2 Nxd5 13. Nc3 Nxc3 14. Bxc3 Bg4 15.
Qe1 Bxf3 16. gxf3 Qg5+ 17. Kh1 Qh5 18. Qe2 f5 19. Rg1 Kh7 20. Bd2 Rae8 21. b4
Bb6 22. Rae1 d5 23. f4 Qxe2 24. Rxe2 e4 25. dxe4 fxe4 26. Bc3 d4 27. Bd2 Rf7 28.
a3 c5 29. f3 e3 30. Bc1 c4 31. Rg4 d3 32. cxd3 cxd3 33. Reg2 d2 34. Bxd2 exd2
35. Rxd2 Re1+ 36. Kg2 Rg1+ 37. Kh3 Rxg4 38. Kxg4 Be3 39. Rd6 Rxf4+ 40. Kg3 Rf6
41. Rd3 Bf4+ 42. Kh3 h5 43. Rd5 Rd6 44. Rxh5+ Rh6 45. Kg4 Rxh5 46. Kxh5 Bc1 47.
Kg4 Bxa3 48. h4 Bxb4 49. Kg5 a5 50. f4 a4 51. f5 a3 52. h5 a2 53. h6 gxh6+ 54.
Kf4 a1=Q 55. Kg4 Qf1 56. Kg3 Bd6+ 57. Kh4 Qf4+ 58. Kh3 Qg3# 0-1

[Event "AUTO-MASTER-1784"]
[Site "http://www.queenalice.com/game.php?id=1131080"]
[Date "2012.12.14"]
[Round "1"]
[White "LOMBARDY"]
[Black "paulofreitas"]
[Result "1-0"]
[WhiteElo "2105"]
[BlackElo "2007"]

1. e4 e5 2. Nf3 Nc6 3. Bb5 Nf6 4. O-O a6 5. Bxc6 dxc6 6. d4 Nxe4 7. Nxe5 f6 8.
Qh5+ Ke7 9. Ng6+ hxg6 10. Qxh8 Qxd4 11. a4 Ng5 12. Ra3 Nf7 13. Re1+ Be6 14. Qh3
Ne5 15. Qg3 Ng4 16. Rd3 Qxa4 17. Qxc7+ Ke8 18. Rxe6+ Be7 19. Qxe7# 1-0

[Event "AUTO-MASTER-1784"]
[Site "http://www.queenalice.com/game.php?id=1131081"]
[Date "2012.12.14"]
[Round "1"]
[White "paulofreitas"]
[Black "LOMBARDY"]
[Result "0-1"]
[WhiteElo "1984"]
[BlackElo "2055"]

1. e4 e5 2. Nf3 Nc6 3. Bb5 a6 4. Ba4 Nf6 5. d3 b5 6. Bb3 Be7 7. Ng5 O-O 8. O-O
Nd4 9. Bxf7+ Rxf7 10. Nxf7 Kxf7 11. Nc3 Kg8 12. b3 c6 13. Be3 d5 14. Bxd4 exd4
15. Ne2 dxe4 16. dxe4 Nxe4 17. Qxd4 Qxd4 18. Nxd4 Bf6 19. Rad1 Nc3 20. Rd3 Bxd4
21. Rxd4 Ne2+ 22. Kh1 Nxd4 23. c3 Ne2 24. c4 c5 25. Re1 Nd4 26. Re5 bxc4 27.
bxc4 Rb8 28. Rxc5 Rb1# 0-1

[Event "Challenge"]
[Site "http://www.queenalice.com/game.php?id=1175121"]
[Date "2013.4.25"]
[Round "-"]
[White "AlekinePb"]
[Black "paulofreitas"]
[Result "0-1"]
[WhiteElo "1848"]
[BlackElo "1964"]

1. d4 e6 2. c4 b6 3. Nc3 a6 4. e4 Bb7 5. f3 Bd6 6. e5 Bb4 7. Bd2 Qh4+ 8. g3 Qxd4
9. Qc2 Qxe5+ 10. Kf2 Nc6 11. Nge2 Bc5+ 12. Kg2 Nb4 13. Qb1 Qf6 14. Ne4 Bxe4 15.
Qxe4 Nc6 16. Bc3 Qh6 17. a3 Nf6 18. Qf4 Qg6 19. b4 Be7 20. Qxc7 Qd3 21. Rd1 Qxd1
22. Kf2 Qd3 23. Bxf6 Bxf6 24. Nf4 Qxa3 25. b5 Be5 26. Nd3 Bxc7 27. bxc6 dxc6 28.
Be2 O-O-O 0-1

[Event "AUTO-MASTER-1860"]
[Site "http://www.queenalice.com/game.php?id=1175410"]
[Date "2013.4.26"]
[Round "1"]
[White "paulofreitas"]
[Black "crono"]
[Result "0-1"]
[WhiteElo "1968"]
[BlackElo "2188"]

1. e4 c5 2. Nc3 e6 3. Nf3 d6 4. d4 cxd4 5. Qxd4 Nc6 6. Qa4 Bd7 7. Bb5 a6 8. Bxc6
Bxc6 9. Qc4 Nf6 10. O-O Be7 11. Bf4 Qa5 12. Bg5 O-O 13. a4 Rac8 14. Qd3 Rfd8 15.
h3 Qb4 16. Nd4 Be8 17. Kh1 Qc4 18. Bh4 Qxd3 19. cxd3 g6 20. Rac1 Kg7 21. Nce2
Bxa4 22. b3 Be8 23. Kg1 d5 24. e5 Ng8 25. Bxe7 Nxe7 26. Nc3 Nc6 27. Nf3 Na7 28.
Nd4 Rc5 29. b4 Rc7 30. g3 Rdc8 31. Nde2 Nb5 32. Nxb5 Bxb5 33. Rxc7 Rxc7 34. Rd1
f6 35. Nd4 Bd7 36. Re1 g5 37. Kg2 f5 38. Rg1 Rc3 39. Rd1 b6 40. Kh2 Kf7 41. Nf3
h6 42. Nd4 Ba4 43. Ra1 b5 44. Ne2 Rxd3 45. Rc1 Rd2 46. Re1 Bb3 47. Kg2 Bc4 48.
Ng1 g4 49. hxg4 fxg4 50. Ra1 Ra2 51. Rb1 Kg6 52. Kh1 Rxf2 53. Ra1 Ra2 54. Rb1
Bd3 55. Rb3 Be4+ 56. Nf3 Bxf3+ 57. Kg1 Rg2+ 58. Kf1 Rxg3 59. Kf2 Rg2+ 60. Kf1 h5
61. Ra3 h4 62. Rxa6 Kf5 63. Rb6 h3 64. Rxb5 Be2+ 65. Ke1 Bxb5 0-1

[Event "AUTO-MASTER-1860"]
[Site "http://www.queenalice.com/game.php?id=1175411"]
[Date "2013.4.26"]
[Round "1"]
[White "crono"]
[Black "paulofreitas"]
[Result "1-0"]
[WhiteElo "2191"]
[BlackElo "1975"]

1. d4 e6 2. c4 b6 3. Nc3 Bb7 4. e4 Bb4 5. f3 Nc6 6. Be3 d5 7. cxd5 exd5 8. e5
Nge7 9. Bd3 h6 10. Ne2 g6 11. O-O Bxc3 12. bxc3 Nf5 13. Bf2 O-O 14. Bxf5 gxf5
15. Qd2 Kh7 16. Ng3 Qc8 17. Qf4 Ba6 18. Rfd1 Ne7 19. Be3 Qe6 20. Nh5 Qg6 21.
Nf6+ Kg7 22. Qh4 Rh8 23. Nh5+ Kh7 24. Nf6+ Kg7 25. Kh1 f4 26. Nh5+ Kf8 27. Nxf4
Qc6 28. g4 Re8 29. Bd2 Ng6 30. Qg3 Nxf4 31. Qxf4 Qc4 32. Qf6 Rh7 33. Bxh6+ Kg8
34. e6 Bb5 35. exf7+ Rxf7 36. Qg6+ Kh8 37. Qxf7 Rg8 38. Qh5 Be8 39. Qh4 Rg6 40.
Re1 Bf7 41. Bf4+ Kg7 42. Be5+ Kf8 43. Qd8+ Be8 44. Bd6+ Kg7 45. Qxe8 Rxd6 46.
Re7+ Kf6 47. Qf8+ Kg5 48. Qf5+ Kh4 49. Qh5# 1-0

[Event "AUTO-MASTER-1860"]
[Site "http://www.queenalice.com/game.php?id=1175414"]
[Date "2013.4.26"]
[Round "1"]
[White "paulofreitas"]
[Black "BrainCrash"]
[Result "0-1"]
[WhiteElo "1953"]
[BlackElo "2283"]

1. e4 e5 2. Nf3 Nc6 3. Bb5 a6 4. Bxc6 dxc6 5. Nc3 Bc5 6. d3 Qe7 7. Bd2 Nf6 8. h3
h6 9. g4 Bd7 10. Qb1 Nxg4 11. hxg4 Qf6 12. Rh2 Qxf3 13. g5 Bh3 14. a4 Bxf2+ 15.
Rxf2 Qh1+ 0-1

[Event "AUTO-MASTER-1860"]
[Site "http://www.queenalice.com/game.php?id=1175415"]
[Date "2013.4.26"]
[Round "1"]
[White "BrainCrash"]
[Black "paulofreitas"]
[Result "1-0"]
[WhiteElo "2281"]
[BlackElo "1956"]

1. e4 Nc6 2. d4 d5 3. exd5 Qxd5 4. Nf3 Bg4 5. Nc3 Qe6+ 6. Be3 Bh5 7. d5 Qe5 8.
Nxe5 Bxd1 9. dxc6 b6 10. Rxd1 a6 11. Nd5 Ra7 12. Bxb6 f6 13. Bxa7 fxe5 14. Nxc7+
Kf7 15. Ne6 Kxe6 16. c7 1-0